Statistiken für 10 längste Flüsse in Afrika

Klicken Sie hier um das Quiz zu spielen!

Allgemein

  • Dieses Quiz wurde 368 mal gespielt
    (367 seit der letzten Aktualisierung)
  • Das Durchschnittsergebnis liegt bei 4 aus 11

Antwortstatistiken

Pituus / km#Joki% Korrekt
6,6951Nil
100%
4,7002Kongo
89%
4,2003Niger
83%
2,5744Sambesi
70%
2,0927Oranje
30%
1,6419Senegal
20%
1,60010Volta
14%
1,60010Okavango
12%
1,8008Limpopo
10%
2,2705Ubangi
4%
2,1536Kasai
3%

Verteilung der Resultate

Perzentil nach korrekt beantworteten Fragen

Anzahl Personen mit jedem Resultat

Ihre Resultats-Entwicklung

Sie haben dieses Quiz seit der letzten Aktualisierung nicht gespielt